| 000 | 01264pam a2200313 a 4500 | ||
|---|---|---|---|
| 999 |
_c130497 _d130497 |
||
| 001 | 4345937 | ||
| 003 | ARRUPE | ||
| 005 | 20201015112422.0 | ||
| 008 | 890616r19891989miu b 000 0 eng | ||
| 010 | _a 89036273 | ||
| 020 |
_a0892836547 : _c$8.95 (est.) |
||
| 040 |
_aDLC _cDLC _dDLC |
||
| 041 | 1 |
_aeng _hger |
|
| 050 | 0 | 0 |
_aBX1912.5 _b.R38213 1988 |
| 082 | 0 | 0 |
_a242/.692 _220 |
| 100 | 0 |
_aBenedict _bXVI, _cPope, _d1927- _949864 |
|
| 240 | 1 | 0 |
_aDiener eurer Freude. _lEnglish |
| 245 | 1 | 0 |
_aMinisters of your joy : _bscriptural meditations on priestly spirituality / _cJoseph Ratzinger ; [translated from the German by Robert Nowell]. |
| 260 |
_aAnn Arbor, Mich. : _bRedeemer Books, _cc1989. |
||
| 300 |
_a127 p. ; _c21 cm. |
||
| 500 | _aTranslation of: Diener eurer Freude. | ||
| 500 | _a"Originally published in Great Britain by St. Paul Publications"--T.p. verso. | ||
| 504 | _aIncludes bibliographical references. | ||
| 610 | 2 | 0 |
_aCatholic Church _xClergy _xReligious life _vMeditations. _949865 |
| 650 | 0 |
_aPriesthood _xCatholic Church _vMeditations. _949866 |
|
| 906 |
_a7 _bcbc _corignew _d1 _eocip _f19 _gy-gencatlg |
||
| 942 |
_2lcc _cMONOGRAPH |
||